[Event "ESP-ch Amateurs U2000"]
[Site "Murcia"]
[Date "2022.08.30"]
[Round "1.5"]
[White "Mateos Martinez, Francisco Ramon"]
[Black "Perez Gonzalez, Roberto"]
[Result "1-0"]
[WhiteElo "1801"]
[BlackElo "1976"]
[PlyCount "119"]
[EventDate "2022.08.30"]
[EventType "swiss"]
[EventRounds "7"]
[EventCountry "ESP"]
[SourceTitle "EXT 2024"]
[Source "ChessBase"]
[SourceDate "2023.10.10"]
[SourceVersion "1"]
[SourceVersionDate "2023.10.10"]
[SourceQuality "1"]

1. d4 Nf6 2. c4 e6 3. Nc3 Bb4 4. e3 b6 5. Nge2 Bb7 6. a3 Be7 7. f3 d6 8. Ng3 0-0 9. Bd3 Nbd7 10. 0-0 Re8 11. b4 c5 12. Bb2 cxd4 13. exd4 Bf8 14. Qd2 e5 15. d5 g6 16. Rae1 Bg7 17. Bc1 Ba6 18. a4 Nf8 19. Ba3 Qc7 20. Nb5 Qd7 21. Bb2 Rac8 22. Ne4 Nxe4 23. fxe4 h6 24. Re3 Nh7 25. Ref3 Re7 26. Bc1 Rf8 27. Qf2 Bc8 28. Qh4 a6 29. Nc3 g5 30. Qg3 Qg4 31. Ne2 a5 32. b5 Qxg3 33. Nxg3 Bg4 34. R3f2 Rd8 35. h3 Bc8 36. Be3 Rb7 37. Be2 Nf8 38. Nf5 Ng6 39. g3 Bxf5 40. exf5 Nf8 41. f6 Bh8 42. h4 gxh4 43. gxh4 Nh7 44. Bxh6 Nxf6 45. Rxf6 Bxf6 46. Rxf6 Kh8 47. Bd3 Rg8+ 48. Bg5 Rd7 49. Kf2 Kg7 50. Bf5 Rc7 51. Bd3 Rd7 52. Ke3 Re8 53. Be4 Rc7 54. Rh6 f5 55. Bxf5 Rxc4 56. Rh7+ Kg8 57. Bf6 Rxa4 58. Rg7+ Kf8 59. Be6 Ra3+ 60. Ke4 1-0

[Event "Alicante IRT op 15th"]
[Site "Alicante"]
[Date "2021.09.26"]
[Round "6"]
[White "Perez Gonzalez, Roberto"]
[Black "Gomez Fernandez, Pedro Javier"]
[Result "0-1"]
[WhiteElo "1912"]
[BlackElo "2070"]
[PlyCount "84"]
[EventDate "2021.09.24"]
[EventType "swiss"]
[EventRounds "7"]
[EventCountry "ESP"]
[SourceTitle "CBM 204 Extra"]
[Source "ChessBase"]
[SourceDate "2021.11.30"]
[SourceVersion "1"]
[SourceVersionDate "2021.11.30"]
[SourceQuality "1"]

1. e4 e6 2. d4 d5 3. Nc3 Nf6 4. Bg5 Be7 5. e5 Nfd7 6. Bxe7 Qxe7 7. f4 a6 8. Nf3 c5 9. dxc5 Nxc5 10. Qd2 Nc6 11. 0-0-0 b5 12. Bd3 Bd7 13. Qf2 b4 14. Ne2 b3 15. axb3 Nb4 16. Ne1 a5 17. Qd4 a4 18. Kd2 axb3 19. Nc3 0-0 20. f5 exf5 21. Nf3 Ne4+ 22. Ke2 bxc2 23. Rc1 Nxd3 24. Qxd3 Qc5 25. Nd4 Rfe8 26. Rxc2 Rxe5 27. Nxe4 Qe7 28. Rhc1 fxe4 29. Qe3 Qh4 30. Rc7 Bg4+ 31. Kf1 Qxh2 32. Qa3 Qh1+ 33. Kf2 Qh4+ 34. Kg1 Rae8 35. Qd6 h6 36. Nc6 Rh5 37. Ne7+ Kh7 38. Qc5 d4 39. Qa3 Qh1+ 40. Kf2 e3+ 41. Kg3 Qh4+ 42. Kf4 Bd1+ 0-1

[Event "Almansa op-B"]
[Site "Almansa"]
[Date "2013.08.08"]
[Round "4.2"]
[White "Perez Gonzalez, Roberto"]
[Black "Moreno Brocalero, Edgar"]
[Result "0-1"]
[WhiteElo "1873"]
[BlackElo "1827"]
[PlyCount "52"]
[EventDate "2013.08.06"]
[EventType "swiss"]
[EventRounds "9"]
[EventCountry "ESP"]
[SourceTitle "EXT 2024"]
[Source "ChessBase"]
[SourceDate "2023.10.10"]
[SourceVersion "1"]
[SourceVersionDate "2023.10.10"]
[SourceQuality "1"]

1. e4 e6 2. d4 d5 3. Nc3 dxe4 4. Nxe4 Be7 5. Nf3 Nf6 6. Bd3 0-0 7. 0-0 Nbd7 8. c3 b6 9. Re1 Bb7 10. Nfg5 h6 11. Nxf6+ Nxf6 12. Ne4 c5 13. Re3 cxd4 14. Nxf6+ Bxf6 15. Rg3 dxc3 16. Bxh6 cxb2 17. Bxg7 Bxg7 18. Rxg7+ Kxg7 19. Qg4+ Kf6 20. Qh4+ Ke5 21. Qg3+ Kd5 22. Rd1 Kc5 23. Qe5+ Qd5 24. Qc3+ Kd6 25. f3 Qc5+ 26. Qxc5+ Kxc5 0-1